000 00688nam a2200265Ia 4500
005 20260302115242.0
008 008 260114s9999 xx 000 0 eng d
020 _a9798400659584
037 _aTextbook
040 _aCRL
040 _beng
040 _cCRL
041 _2eng
041 _aeng
084 _qCRL
100 _aThomas A. Green
_91121037
245 4 _aThe Greenwood Library of American Folktales [4 volumes]
260 _bBloomsbury
260 _bGreenwood
260 _c2006
650 _aLiterary Studies
856 _uhttps://doi.org/10.5040/9781350388666?locatt=label:secondary_bloomsburyCollections
942 _cEBOOK
999 _c1685517
_d1685517